006250000a22001930004500020001500000060000800015082001500023100001800038100002300056100002100079245007100100260003800171260000900209300000800218650006600226942000700292999001900299952011300318 a8170186463 a100 a372.37 WIL aMoon, Alysoun aWilliams, Margaret aWilliams, Trefor aFood, environment and health : a guide for primary school teachers aDelhi, B.R.Publishing corporation c1990 a125 aPrimary school education/ food production/ disposal of wastes cBK c356618d356618 00104070aKAUCOAVbKAUCOAVd2014-05-02l0o372.37 WILpKAU_COAV-21354r2014-05-02 00:00:00w2014-05-02yBK